| 000 | 00901nam a2200253Ia 4500 | ||
|---|---|---|---|
| 003 | OSt | ||
| 005 | 20221005112843.0 | ||
| 006 | a|||||r|||| 00| 0 | ||
| 007 | ta | ||
| 008 | 221004b |||||||| |||| 00| 0 pan d | ||
| 020 |
_a9788182992702 (hbk) _c300 |
||
| 024 | _a2111 | ||
| 037 |
_b175, 18/12/2012, Orange Books International _cTextual |
||
| 040 |
_aCRL _cCRL _bpan |
||
| 041 |
_2pan _apan |
||
| 082 | _aQ8441:21:g, 153Q2 | ||
| 100 | _aਸਾਧੂ ਸਿੰਘ ਕਿਸਾਨ | ||
| 245 | 0 | _aਗੁਰਬਾਣੀ ਦਿਆਂ ਜੀਵਨ ਜੁਗਤਾਂ | |
| 260 |
_aਦਿੱਲੀ _bਆਰੁਸੀ ਪਬਲਿFਰਗ਼ ਭਾਰਤ _c2012 |
||
| 300 |
_a208ਪੰ _ccm. |
||
| 650 | _aਧਰਮ | ||
| 942 |
_hQ8441:21:g, 153Q2 _cTEXL _2cc |
||
| 999 |
_c1026190 _d1026190 |
||